1000x landscape architecture. (Record no. 13749)
[ view plain ]
| 000 -LEADER | |
|---|---|
| fixed length control field | 01008cam a22002897a 4500 |
| 001 - CONTROL NUMBER | |
| control field | 15582132 |
| 003 - CONTROL NUMBER IDENTIFIER | |
| control field | EG-ScBUE |
| 005 - DATE AND TIME OF LATEST TRANSACTION | |
| control field | 20221004112617.0 |
| 008 - FIXED-LENGTH DATA ELEMENTS--GENERAL INFORMATION | |
| fixed length control field | 090102s2010 gw ae f 001 0 eng d |
| 020 ## - INTERNATIONAL STANDARD BOOK NUMBER | |
| International Standard Book Number | 9783037680599 |
| 035 ## - SYSTEM CONTROL NUMBER | |
| System control number | (OCoLC)ocn213845610 |
| 040 ## - CATALOGING SOURCE | |
| Original cataloging agency | UKM |
| Language of cataloging | eng |
| Description conventions | rda |
| Transcribing agency | UKM |
| Modifying agency | BTCTA |
| -- | BAKER |
| -- | YDXCP |
| -- | OHX |
| -- | OSU |
| -- | PAU |
| -- | DLC |
| -- | EG-ScBUE |
| 082 04 - DEWEY DECIMAL CLASSIFICATION NUMBER | |
| Classification number | 712 |
| Edition number | 22 |
| Item number | LAN |
| 245 00 - TITLE STATEMENT | |
| Title | 1000x landscape architecture. |
| 246 3# - VARYING FORM OF TITLE | |
| Title proper/short title | One thousand x landscape architecture |
| 246 3# - VARYING FORM OF TITLE | |
| Title proper/short title | Thousand x landscape architecture |
| 250 ## - EDITION STATEMENT | |
| Edition statement | Second edition. |
| 264 #1 - PUBLICATION, DISTRIBUTION, ETC. (IMPRINT) | |
| Place of publication, distribution, etc | [Berlin] : |
| Name of publisher, distributor, etc | Braun, |
| Date of publication, distribution, etc | 2010. |
| 300 ## - PHYSICAL DESCRIPTION | |
| Extent | 1023 pages : |
| Other physical details | color illustrations, plans (some color) ; |
| Dimensions | 34 cm |
| 500 ## - GENERAL NOTE | |
| General note | Includes index. |
| 650 #7 - SUBJECT ADDED ENTRY--TOPICAL TERM | |
| Topical term or geographic name as entry element | Landscape architecture |
| Form subdivision | Pictorial works. |
| Source of heading or term | BUEsh |
| 9 (RLIN) | 7982 |
| 650 #7 - SUBJECT ADDED ENTRY--TOPICAL TERM | |
| Topical term or geographic name as entry element | Landscape architecture |
| Form subdivision | Designs and plans. |
| Source of heading or term | BUEsh |
| 9 (RLIN) | 7983 |
| 653 ## - INDEX TERM--UNCONTROLLED | |
| Resource For college | Engineering, Architecture |
| 655 ## - INDEX TERM--GENRE/FORM | |
| Form subdivision | Reading book |
| 942 ## - ADDED ENTRY ELEMENTS (KOHA) | |
| Source of classification or shelving scheme | Dewey Decimal Classification |
| Koha item type | Book - Borrowing |
| Withdrawn status | Lost status | Source of classification or shelving scheme | Damaged status | Not for loan | Collection code | Home library | Current library | Shelving location | Date acquired | Source of acquisition | Cost, normal purchase price | Serial Enumeration / chronology | Total Checkouts | Total Renewals | Full call number | Barcode | Date last seen | Date checked out | Price effective from | Koha item type |
|---|---|---|---|---|---|---|---|---|---|---|---|---|---|---|---|---|---|---|---|---|
| Dewey Decimal Classification | Alahram | Central Library | Central Library | Second Floor | 22/03/2010 | 720.00 | 30 | 10 | 62 | 712 LAN | 000027896 | 15/07/2025 | 29/09/2016 | 22/03/2010 | Book - Borrowing |